[Event "Chess24 Banter QualA 2020"]
[Site "chess24.com INT"]
[Date "2020.09.01"]
[Round "1.3"]
[White "Donchenko, Alexander"]
[Black "Fier, Alexandr"]
[Result "1-0"]
[WhiteTitle "GM"]
[BlackTitle "GM"]
[WhiteElo "2657"]
[BlackElo "2560"]
[WhiteFideId "24603295"]
[BlackFideId "2107139"]
[EventDate "2020.09.01"]

1. Nf3 g6 2. c4 Bg7 3. Nc3 c5 4. g3 Nc6 5. Bg2 e6 6. d4 Nxd4 7. Nxd4 cxd4 8. Ne4
d5 9. Qa4+ Kf8 10. Qa3+ Qe7 11. Nd6 dxc4 12. Bd2 Bf6 13. Bb4 a5 14. Bc5 Kg7 15.
Nxc8 Qc7 16. Bf8# 1-0

[Event "Chess24 Banter QualA 2020"]
[Site "chess24.com INT"]
[Date "2020.09.01"]
[Round "1.4"]
[White "Fier, Alexandr"]
[Black "Donchenko, Alexander"]
[Result "0-1"]
[WhiteTitle "GM"]
[BlackTitle "GM"]
[WhiteElo "2560"]
[BlackElo "2657"]
[WhiteFideId "2107139"]
[BlackFideId "24603295"]
[EventDate "2020.09.01"]

1. c4 Nf6 2. Nc3 e5 3. Nf3 Nc6 4. e3 Bb4 5. Qc2 Bxc3 6. Qxc3 Qe7 7. d4 e4 8. Nd2
d5 9. a3 h5 10. b3 h4 11. h3 Be6 12. Bb2 Qd7 13. Be2 Ne7 14. c5 Rh6 15. O-O-O
Rg6 16. Rhg1 c6 17. b4 a6 18. Nb3 Qc7 19. a4 Nd7 20. Na5 Kf8 21. Kd2 Rb8 22. Bh5
Rg5 23. Be2 Qh2 24. Rh1 Qxg2 25. b5 axb5 26. axb5 Qxf2 27. Rdf1 Qg3 28. b6 Bxh3
29. Rf4 Nf5 30. Bf1 Bxf1 31. Rhxf1 h3 32. Qa3 h2 33. Nxb7 Rxb7 34. Qa8+ Rb8 35.
Qxc6 Qxe3+ 36. Kc2 Rg2+ 37. Kb1 Qd3+ 38. Ka2 Qc4+ 39. Ka3 Rg3+ 40. R1f3 Rxf3+
41. Rxf3 exf3 42. Qc7 Ra8+ 0-1

[Event "Chess24 Banter QualA 2020"]
[Site "chess24.com INT"]
[Date "2020.09.01"]
[Round "1.5"]
[White "Donchenko, Alexander"]
[Black "Fier, Alexandr"]
[Result "1-0"]
[WhiteTitle "GM"]
[BlackTitle "GM"]
[WhiteElo "2657"]
[BlackElo "2560"]
[WhiteFideId "24603295"]
[BlackFideId "2107139"]
[EventDate "2020.09.01"]

1. Nf3 b6 2. g3 Bb7 3. Bg2 c5 4. c4 Nf6 5. O-O g6 6. b3 Bg7 7. Bb2 d6 8. Nc3
Nbd7 9. d4 cxd4 10. Qxd4 Rc8 11. Rac1 a6 12. Rfd1 O-O 13. Qd2 Nc5 14. Nd4 Bxg2
15. Kxg2 Qd7 16. Qe3 Qc7 17. Nd5 Nxd5 18. cxd5 Qb7 19. Qf3 b5 20. Ba1 b4 21. Rc4
a5 22. h4 h5 23. Rdc1 a4 24. Nc6 Bxa1 25. Rxa1 e5 26. Rxb4 Qd7 27. Qf6 Rxc6 28.
dxc6 Qxc6+ 29. Qf3 e4 30. Qe3 f5 31. Qh6 d5 32. Rc1 Kf7 33. Rxc5 Qxc5 34. Rb7+
Ke6 35. Qxg6+ Ke5 36. Qg7+ Ke6 37. Qg6+ Ke5 38. Rb6 Qe7 39. e3 a3 40. Qxh5 d4
41. Rb5+ Ke6 42. exd4 Qd6 43. Qg6+ Kd7 44. Rb7+ Kc6 45. Rb6+ 1-0

[Event "Chess24 Banter QualA 2020"]
[Site "chess24.com INT"]
[Date "2020.09.02"]
[Round "2.1"]
[White "Shankland, Sam"]
[Black "Pichot, Alan"]
[Result "1/2-1/2"]
[WhiteTitle "GM"]
[BlackTitle "GM"]
[WhiteElo "2691"]
[BlackElo "2630"]
[WhiteFideId "2004887"]
[BlackFideId "110973"]
[EventDate "2020.09.01"]

1. d4 Nf6 2. c4 e6 3. Nf3 d5 4. Nc3 Bb4 5. Qa4+ Nc6 6. Bd2 O-O 7. a3 Bxc3 8.
Bxc3 Ne4 9. Qc2 Re8 10. e3 Nxc3 11. Qxc3 Qd6 12. cxd5 exd5 13. Bb5 Bd7 14. Rc1
Rac8 15. O-O Nd8 16. Bd3 c6 17. b4 f6 18. Qc2 g6 19. Rfe1 Nf7 20. e4 dxe4 21.
Bxe4 Re7 22. Bd3 Rce8 23. Rxe7 Rxe7 24. h3 Kg7 25. Qd2 Be6 26. a4 Bd5 27. Nh2 f5
28. Nf1 Qf6 29. Bc4 Bxc4 30. Rxc4 Nd6 31. Rc1 Re4 32. Rd1 Nc4 33. Qc3 Nb6 34.
Qc5 Nxa4 35. Qxa7 Nc3 36. Rd2 Qe7 37. Qc5 Qxc5 38. dxc5 Rxb4 39. Ne3 Ne4 40.
Rd7+ Kf6 41. Rxh7 Nxc5 42. h4 Ne4 43. f3 Nd6 44. h5 gxh5 45. Rxh5 Rb3 46. Kf2 b5
47. Rh6+ Ke7 48. g4 fxg4 49. Nxg4 Rb2+ 50. Ke1 Rc2 51. Kd1 Rc5 52. Rh7+ Kd8 53.
Nf6 Nf5 54. Kd2 Re5 55. f4 Re6 56. Ng4 Rd6+ 57. Kc3 Rd7 58. Rh5 Nd6 59. Ne5 Rc7
60. Rh6 Ne4+ 61. Kd4 Ng3 62. Rxc6 Rxc6 63. Nxc6+ Kd7 64. Kc5 1/2-1/2

[Event "Chess24 Banter QualA 2020"]
[Site "chess24.com INT"]
[Date "2020.09.02"]
[Round "2.2"]
[White "Pichot, Alan"]
[Black "Shankland, Sam"]
[Result "0-1"]
[WhiteTitle "GM"]
[BlackTitle "GM"]
[WhiteElo "2630"]
[BlackElo "2691"]
[WhiteFideId "110973"]
[BlackFideId "2004887"]
[EventDate "2020.09.01"]

1. e4 c5 2. Nf3 d6 3. d4 cxd4 4. Nxd4 Nf6 5. Nc3 a6 6. Bg5 e6 7. f4 h6 8. Bh4
Qb6 9. a3 Nbd7 10. Bf2 Qc7 11. Qf3 b5 12. O-O-O Bb7 13. g4 Nc5 14. Bd3 d5 15. e5
Nfe4 16. Be1 Nxd3+ 17. Qxd3 b4 18. axb4 Bxb4 19. Nxe4 dxe4 20. Qe3 Bc5 21. f5
O-O 22. Bc3 Qxe5 23. Kb1 Rad8 24. h4 exf5 25. gxf5 Rd5 26. Rd2 Rfd8 27. Rhd1
R5d6 28. b3 a5 29. Bb2 Ba6 30. Bc3 Bb6 31. Bb2 f6 32. Bc3 Bd3 33. cxd3 Bxd4 34.
Bxd4 Rxd4 35. dxe4 Rxd2 36. Rxd2 Rxd2 37. Qxd2 Qxe4+ 38. Ka2 Qxf5 39. Qd8+ Kh7
40. Qd2 h5 41. Ka3 g5 42. hxg5 fxg5 43. Qd6 h4 44. Qe7+ Kg6 45. Qe8+ Kh6 46.
Qh8+ Kg6 47. Qg8+ Kh5 48. Qh8+ Kg4 49. Qd4+ Qf4 50. Qd7+ Qf5 51. Qd4+ Kg3 52.
Qc3+ Kf4 53. Qd4+ Qe4 54. Qd2+ Qe3 55. Qxa5 h3 56. Qc7+ Kf3 57. Qc6+ Kg3 58.
Qd6+ Qf4 59. Qd3+ Qf3 60. Qd6+ Kh4 61. Qh6+ Qh5 62. Qd6 Qe2 63. b4 h2 64. Qh6+
Kg4 65. b5 Qf3+ 0-1

[Event "Chess24 Banter QualA 2020"]
[Site "chess24.com INT"]
[Date "2020.09.02"]
[Round "2.3"]
[White "Shankland, Sam"]
[Black "Pichot, Alan"]
[Result "0-1"]
[WhiteTitle "GM"]
[BlackTitle "GM"]
[WhiteElo "2691"]
[BlackElo "2630"]
[WhiteFideId "2004887"]
[BlackFideId "110973"]
[EventDate "2020.09.01"]

1. e4 c5 2. Nf3 Nc6 3. d4 cxd4 4. Nxd4 Nf6 5. Nc3 e5 6. Ndb5 d6 7. Bg5 a6 8. Na3
b5 9. Bxf6 gxf6 10. Nd5 f5 11. g3 fxe4 12. Bg2 Bg7 13. Bxe4 Be6 14. Qh5 Rc8 15.
O-O Ne7 16. Rad1 Nxd5 17. Bxd5 O-O 18. c3 Rc5 19. Bxe6 fxe6 20. Nc2 a5 21. a3 d5
22. Ne3 Qf6 23. f4 exf4 24. Rxf4 Qg6 25. Rxf8+ Kxf8 26. Qf3+ Kg8 27. Kg2 Rc8 28.
Ng4 Qc2+ 29. Kh3 Rf8 30. Qd3 Qxd3 31. Rxd3 h5 32. Ne3 Rf2 33. b3 Ra2 34. c4 bxc4
35. bxc4 d4 36. Ng2 e5 37. Rd1 e4 38. Nf4 e3 39. c5 Rc2 40. Nd3 Rc3 41. Nf4 Rxc5
42. Kg2 Rc3 43. Rd3 Rc2+ 44. Kf1 Rxh2 45. Ne2 Be5 46. Ke1 Rh1+ 0-1

[Event "Chess24 Banter QualA 2020"]
[Site "chess24.com INT"]
[Date "2020.09.02"]
[Round "2.4"]
[White "Pichot, Alan"]
[Black "Shankland, Sam"]
[Result "1-0"]
[WhiteTitle "GM"]
[BlackTitle "GM"]
[WhiteElo "2630"]
[BlackElo "2691"]
[WhiteFideId "110973"]
[BlackFideId "2004887"]
[EventDate "2020.09.01"]

1. e4 c5 2. Nf3 d6 3. d4 cxd4 4. Nxd4 Nf6 5. Nc3 a6 6. Bg5 e6 7. f4 h6 8. Bh4
Qb6 9. a3 Nbd7 10. Bf2 Qc7 11. Qf3 b5 12. O-O-O Bb7 13. g4 Nc5 14. Bd3 d5 15. e5
Nfe4 16. Be1 Nxd3+ 17. Qxd3 b4 18. axb4 Bxb4 19. Nce2 Be7 20. f5 Qb6 21. Kb1 O-O
22. Nf4 Bg5 23. Rf1 a5 24. Qb3 Qxb3 25. cxb3 Ba6 26. Rf3 Bxf4 27. Rxf4 Nc5 28.
Rf3 Rfe8 29. fxe6 fxe6 30. Rc3 Ne4 31. Rc6 Kf7 32. Bxa5 Nf2 33. Rd2 Nxg4 34. Bc7
Bf1 35. h3 Bxh3 36. Rc3 Rac8 37. Nb5 Nxe5 38. Rxh3 1-0

[Event "Chess24 Banter QualA 2020"]
[Site "chess24.com INT"]
[Date "2020.09.02"]
[Round "2.5"]
[White "Shankland, Sam"]
[Black "Pichot, Alan"]
[Result "1-0"]
[WhiteTitle "GM"]
[BlackTitle "GM"]
[WhiteElo "2691"]
[BlackElo "2630"]
[WhiteFideId "2004887"]
[BlackFideId "110973"]
[EventDate "2020.09.01"]

1. d4 Nf6 2. c4 e6 3. Nf3 d5 4. Nc3 Bb4 5. Qa4+ Nc6 6. Bd2 O-O 7. a3 Bxc3 8.
Bxc3 Bd7 9. Qb3 dxc4 10. Qxc4 b5 11. Qb3 a5 12. e3 b4 13. Bd2 Ne4 14. Qc2 Nxd2
15. Qxd2 Qe7 16. Be2 Rfb8 17. O-O Qd6 18. Rfc1 Ra7 19. Rc5 bxa3 20. bxa3 Rab7
21. Bd3 Rb2 22. Qc1 Ne7 23. Ne5 Bb5 24. Qxb2 1-0

[Event "Chess24 Banter QualA 2020"]
[Site "chess24.com INT"]
[Date "2020.09.02"]
[Round "2.6"]
[White "Pichot, Alan"]
[Black "Shankland, Sam"]
[Result "0-1"]
[WhiteTitle "GM"]
[BlackTitle "GM"]
[WhiteElo "2630"]
[BlackElo "2691"]
[WhiteFideId "110973"]
[BlackFideId "2004887"]
[EventDate "2020.09.01"]

1. e4 c5 2. Nf3 d6 3. d4 cxd4 4. Qxd4 Nc6 5. Qe3 g6 6. Be2 Bg7 7. h3 Nf6 8. O-O
O-O 9. Rd1 b6 10. c4 Nd7 11. Nc3 Bb7 12. Rb1 Qb8 13. b3 a6 14. Bb2 e6 15. Rd2
Rd8 16. Rbd1 Qc7 17. Rxd6 Nde5 18. Rxd8+ Rxd8 19. Rxd8+ Qxd8 20. Nxe5 Bxe5 21.
Nd1 Nd4 22. Bd3 Bg7 23. Bc3 a5 24. Bb1 Nxb3 25. Bxg7 Qxd1+ 26. Kh2 Kxg7 27. Qxb3
Qxb3 28. axb3 Kf6 29. f4 Ke7 30. e5 Kd7 31. Kg1 Ba6 32. Be4 a4 33. bxa4 Bxc4 34.
Kf2 Bb3 35. Ke3 Bxa4 36. Bd3 Bc6 37. g3 Kc7 38. Kd4 Ba4 39. Be2 Bd7 40. Bd3 Kc6
41. Be2 b5 42. Bd3 Kb6 43. Be4 Bc6 44. Bc2 Bd5 45. g4 b4 46. f5 b3 47. Bd3 b2
48. Bb1 Bg2 49. h4 Bh3 50. fxg6 fxg6 51. Kc3 Bxg4 52. Kxb2 Kc5 0-1

[Event "Chess24 Banter QualA 2020"]
[Site "chess24.com INT"]
[Date "2020.09.02"]
[Round "2.7"]
[White "Shankland, Sam"]
[Black "Pichot, Alan"]
[Result "0-1"]
[WhiteTitle "GM"]
[BlackTitle "GM"]
[WhiteElo "2691"]
[BlackElo "2630"]
[WhiteFideId "2004887"]
[BlackFideId "110973"]
[EventDate "2020.09.01"]

1. d4 Nf6 2. c4 e6 3. Nf3 d5 4. Nc3 dxc4 5. Qa4+ c6 6. Qxc4 b5 7. Qd3 a6 8. Bg5
c5 9. Bxf6 gxf6 10. d5 b4 11. Na4 exd5 12. Qe3+ Be7 13. Nxc5 Qb6 14. Rc1 Nd7 15.
Nb3 Qxe3 16. fxe3 a5 17. g3 a4 18. Nbd4 Nb6 19. b3 axb3 20. axb3 Bd7 21. Bg2 O-O
22. Kf2 Rfe8 23. Nh4 Bf8 24. Nhf5 Ra3 25. Rb1 h5 26. h4 Re5 27. Bh3 Bc5 28. Rbc1
Ra5 29. Rc2 Kf8 30. g4 Bxd4 31. exd4 Bxf5 32. gxf5 Re4 33. Rc6 Nd7 34. Rc7 Ke8
35. e3 Ra2+ 36. Kf3 Rb2 37. Bf1 Kd8 38. Rxd7+ Kxd7 39. Bd3 Rg4 0-1

[Event "Chess24 Banter QualA 2020"]
[Site "chess24.com INT"]
[Date "2020.09.02"]
[Round "2.8"]
[White "Pichot, Alan"]
[Black "Shankland, Sam"]
[Result "1/2-1/2"]
[WhiteTitle "GM"]
[BlackTitle "GM"]
[WhiteElo "2630"]
[BlackElo "2691"]
[WhiteFideId "110973"]
[BlackFideId "2004887"]
[EventDate "2020.09.01"]

1. e4 c5 2. Nf3 d6 3. d4 cxd4 4. Qxd4 Nf6 5. Be2 g6 6. O-O Bg7 7. h3 O-O 8. Qe3
b6 9. Rd1 Bb7 10. e5 Nd5 11. Qb3 Nd7 12. Rxd5 Bxd5 13. Qxd5 Nxe5 14. Nxe5 Bxe5
15. c3 e6 16. Qe4 Bg7 17. Be3 d5 18. Qd3 Qc7 19. Nd2 Rfd8 20. Nb3 e5 21. Rd1
Rac8 22. Qb5 Qd7 23. Qxd7 Rxd7 24. Bb5 Rd6 25. f4 Bh6 26. g3 d4 27. cxd4 exf4
28. Bxf4 Bxf4 29. gxf4 Rc2 30. d5 Kf8 31. a4 Rxb2 32. Rd3 Ke7 33. Nd2 Rf6 34.
d6+ Rxd6 35. Rxd6 Rxb5 36. Rd4 Rh5 37. Kg2 Ke6 38. Rc4 Rd5 39. Nf3 f6 40. Kg3
Ra5 41. Rc7 Rxa4 42. Rxh7 a5 43. Rb7 Rb4 44. Ra7 a4 45. Nh4 Rb3+ 46. Kg4 f5+ 47.
Kg5 Rg3+ 48. Kh6 Rxh3 49. Kg5 Rg3+ 50. Kh6 b5 51. Nxg6 Kd5 52. Kg7 a3 53. Kf6 b4
54. Kxf5 Rg1 55. Ne5 Kd4 56. Nc6+ Kc3 57. Nxb4 Kxb4 58. Kf6 Kb3 59. f5 a2 1/2-1/2

[Event "Chess24 Banter QualA 2020"]
[Site "chess24.com INT"]
[Date "2020.09.02"]
[Round "2.9"]
[White "Shankland, Sam"]
[Black "Pichot, Alan"]
[Result "1-0"]
[WhiteTitle "GM"]
[BlackTitle "GM"]
[WhiteElo "2691"]
[BlackElo "2630"]
[WhiteFideId "2004887"]
[BlackFideId "110973"]
[EventDate "2020.09.01"]

1. d4 Nf6 2. c4 e6 3. g3 d5 4. Bg2 dxc4 5. Qa4+ Nbd7 6. Qxc4 a6 7. Be3 Rb8 8.
Qc1 b5 9. Nd2 Bb7 10. Bxb7 Rxb7 11. Ngf3 Be7 12. Nb3 Qa8 13. O-O a5 14. Qc6 O-O
15. Nxa5 Rb6 16. Qxa8 Rxa8 17. Nb3 Nd5 18. Bd2 Rba6 19. a3 c5 20. dxc5 Nxc5 21.
Nxc5 Bxc5 22. Rac1 Bf8 23. Ne5 b4 24. axb4 Bxb4 25. Bxb4 Nxb4 26. Rc7 f6 27. Nf3
Nd5 28. Rb7 e5 29. Rd1 Ra1 30. Rxa1 Rxa1+ 31. Kg2 Rb1 32. Nd2 Rd1 33. Ne4 Rd4
34. Kf3 Rb4 35. Rxb4 Nxb4 36. Nd6 Kf8 37. Ke3 Ke7 38. Nf5+ Kf7 39. Kd2 g6 40.
Ne3 Ke6 41. Kc3 Nc6 42. Nc2 Kd6 43. b4 Kd5 44. f3 Na7 45. Ne3+ Kc6 46. Kc4 Nb5
47. Ng4 Nd4 48. Nxf6 Nxe2 49. Nxh7 Ng1 50. Ng5 1-0

[Event "Chess24 Banter QualA 2020"]
[Site "chess24.com INT"]
[Date "2020.09.02"]
[Round "2.10"]
[White "Pichot, Alan"]
[Black "Shankland, Sam"]
[Result "0-1"]
[WhiteTitle "GM"]
[BlackTitle "GM"]
[WhiteElo "2630"]
[BlackElo "2691"]
[WhiteFideId "110973"]
[BlackFideId "2004887"]
[EventDate "2020.09.01"]

1. e4 e5 2. Nf3 Nc6 3. d4 exd4 4. Nxd4 Nf6 5. Nxc6 bxc6 6. e5 Qe7 7. Qe2 Nd5 8.
h4 a5 9. g3 Ba6 10. c4 Nb6 11. b3 a4 12. Bb2 Qe6 13. Bh3 Bb4+ 14. Kf1 Qe7 15.
Kg2 O-O 16. Rd1 a3 17. Bc3 d5 18. Bxb4 Qxb4 19. Nd2 dxc4 20. bxc4 Nxc4 21. Nxc4
Bxc4 22. Qe3 Bd5+ 23. Kh2 Rfe8 24. Rab1 Qe4 25. Qxe4 Bxe4 26. Rb4 Bd5 27. Rd2
Rxe5 28. Bg2 g6 29. Rc2 Ra7 30. Bf3 Bxf3 0-1

[Event "Chess24 Banter QualA 2020"]
[Site "chess24.com INT"]
[Date "2020.09.02"]
[Round "2.1"]
[White "Donchenko, Alexander"]
[Black "Nihal, Sarin"]
[Result "0-1"]
[WhiteTitle "GM"]
[BlackTitle "GM"]
[WhiteElo "2657"]
[BlackElo "2620"]
[WhiteFideId "24603295"]
[BlackFideId "25092340"]
[EventDate "2020.09.01"]

1. c4 Nf6 2. g3 e5 3. Bg2 Bc5 4. Nc3 c6 5. Nf3 d6 6. d4 exd4 7. Nxd4 O-O 8. O-O
Re8 9. b3 Bg4 10. h3 Bh5 11. Qd2 Nbd7 12. e3 Bg6 13. Bb2 Bb4 14. Rad1 Qa5 15.
Qc1 Qc7 16. a3 Ba5 17. Rfe1 Rad8 18. b4 Bb6 19. Nce2 Ne5 20. Nf4 Be4 21. f3 Bg6
22. Nxg6 hxg6 23. Kh2 Ned7 24. e4 Re7 25. Qd2 Ne5 26. Qc3 Rde8 27. Nb3 Bf2 28.
Rf1 Bxg3+ 29. Kxg3 Nxc4 30. Kh2 d5+ 31. f4 Nxb2 32. Qxb2 Nxe4 33. Rde1 Ng3 34.
Kxg3 Rxe1 35. Rxe1 Rxe1 36. Qf2 Qe7 37. Nc5 Re3+ 38. Kh2 Rxa3 39. Qd2 b6 40. Nd3
Qf6 41. Ne5 g5 42. Qf2 c5 43. bxc5 bxc5 44. Nd7 Qxf4+ 45. Qxf4 gxf4 46. Bxd5 Rc3
47. Kg2 a5 48. Kf2 a4 49. Ke2 a3 50. Kd2 Rxh3 51. Nxc5 a2 0-1

[Event "Chess24 Banter QualA 2020"]
[Site "chess24.com INT"]
[Date "2020.09.02"]
[Round "2.2"]
[White "Nihal, Sarin"]
[Black "Donchenko, Alexander"]
[Result "1-0"]
[WhiteTitle "GM"]
[BlackTitle "GM"]
[WhiteElo "2620"]
[BlackElo "2657"]
[WhiteFideId "25092340"]
[BlackFideId "24603295"]
[EventDate "2020.09.01"]

1. Nf3 d5 2. b3 c5 3. e3 Nc6 4. Bb2 a6 5. d4 cxd4 6. Nxd4 Nf6 7. Nd2 g6 8. Nxc6
bxc6 9. Be2 Bg7 10. O-O O-O 11. c4 a5 12. Rc1 a4 13. b4 a3 14. Bc3 Qd6 15. Nf3
Ba6 16. b5 cxb5 17. cxb5 Bb7 18. Be5 Qe6 19. Rc7 Rfb8 20. Qd4 Ne8 21. Rc5 Rc8
22. Rfc1 Rxc5 23. Rxc5 Rc8 24. Bxg7 Nxg7 25. Qc3 Nf5 26. Rxc8+ Bxc8 27. Qxa3 d4
28. Qc5 dxe3 29. fxe3 Bb7 30. a4 Qa2 31. Qc4 Qa3 32. Bd3 Nxe3 33. Qd4 Qc1+ 34.
Kf2 Nd1+ 35. Kg3 Bxf3 36. Kxf3 Nb2 37. Be4 Qa1 38. Qd8+ Kg7 39. Qd4+ f6 40. b6
Qa3+ 41. Kf2 Nxa4 42. b7 Qa2+ 43. Kg3 Qb3+ 44. Bf3 Nb2 45. Qd8 Nd3 46. b8=Q 1-0

[Event "Chess24 Banter QualA 2020"]
[Site "chess24.com INT"]
[Date "2020.09.02"]
[Round "2.3"]
[White "Donchenko, Alexander"]
[Black "Nihal, Sarin"]
[Result "1-0"]
[WhiteTitle "GM"]
[BlackTitle "GM"]
[WhiteElo "2657"]
[BlackElo "2620"]
[WhiteFideId "24603295"]
[BlackFideId "25092340"]
[EventDate "2020.09.01"]

1. c4 e6 2. g3 d5 3. Bg2 Nf6 4. Nf3 Be7 5. O-O O-O 6. d4 dxc4 7. Qc2 a6 8. a4
Bd7 9. Rd1 Bc6 10. Bg5 a5 11. e3 Na6 12. Qxc4 Nb4 13. Nc3 h6 14. Bxf6 Bxf6 15.
e4 b6 16. Rd2 Bb7 17. Rad1 Be7 18. h4 Rc8 19. d5 exd5 20. exd5 Bd6 21. Bh3 Ra8
22. Nd4 Re8 23. Nf5 Bc8 24. Nb5 Bxf5 25. Bxf5 Qf6 26. Bb1 Re7 27. Nd4 Rae8 28.
Nf5 Re5 29. Qg4 Kf8 30. Kg2 Rd8 31. Rd4 Ree8 32. Ne3 Re7 33. Rc4 Rde8 34. Re4
Rxe4 35. Bxe4 Qxb2 36. Nf5 Qf6 37. Rc1 Na6 38. Bb1 Nc5 39. Rc4 Re1 40. Bc2 Qa1
41. Be4 Rg1+ 42. Kh2 Re1 43. Bg2 Re8 44. h5 Qf6 45. Rc2 Re5 46. Ne3 Rg5 47. Qd1
Qe5 48. Kg1 Rxh5 49. Nc4 Qg5 50. f4 Qf5 51. g4 Qxf4 52. gxh5 Qh2+ 53. Kf1 Bg3
54. Qf3 Qh4 55. Ne3 Be5 56. Rf2 f6 57. Qg4 Qh2 58. Nf5 g5 59. hxg6 Nd3 60. g7+
Kg8 61. Ne7+ 1-0

[Event "Chess24 Banter QualA 2020"]
[Site "chess24.com INT"]
[Date "2020.09.02"]
[Round "2.4"]
[White "Nihal, Sarin"]
[Black "Donchenko, Alexander"]
[Result "1-0"]
[WhiteTitle "GM"]
[BlackTitle "GM"]
[WhiteElo "2620"]
[BlackElo "2657"]
[WhiteFideId "25092340"]
[BlackFideId "24603295"]
[EventDate "2020.09.01"]

1. Nf3 Nf6 2. c4 b6 3. d4 Bb7 4. Nc3 e6 5. a3 d5 6. cxd5 Nxd5 7. Qc2 Be7 8. e4
Nxc3 9. bxc3 O-O 10. Bd3 c5 11. O-O cxd4 12. cxd4 h6 13. Bb2 Nc6 14. Rad1 Rc8
15. Qe2 Re8 16. d5 exd5 17. exd5 Bf6 18. dxc6 Rxe2 19. Bxe2 Qc7 20. cxb7 Qxb7
21. Bxf6 gxf6 22. Nd4 Rc5 23. h3 Re5 24. Bf3 Qa6 25. Nc6 Re8 26. Rd7 Qxa3 27.
Rxa7 Qc3 28. Rb7 Re1 29. Ne7+ Kf8 30. Rxe1 Qxe1+ 31. Kh2 Qxf2 32. Nf5 Kg8 33.
Nxh6+ Kg7 34. Nf5+ Kg6 35. Ne7+ Kg7 36. Nd5 Qd4 37. Rxb6 Qe5+ 38. g3 Qd4 39. Bg2
f5 40. Rb4 Qe5 41. Nf4 Qe1 42. Rb3 Qe5 43. Rd3 Qc7 44. h4 Qc2 45. Re3 Qd2 46.
Re2 Qd4 47. Bh3 Qc5 48. Rd2 Qe3 49. Rd5 Qf2+ 50. Ng2 f4 51. Rg5+ Kf8 52. gxf4
Qf3 53. h5 Qc6 54. Re5 Kg7 55. Rg5+ Kh6 56. Bg4 Qc1 57. Rf5 Kg7 58. Rg5+ Kh6 59.
Rf5 Kg7 60. Re5 Qd2 61. Re3 Kh6 62. Rg3 Qf2 63. Bf3 Qd2 64. Bg4 Qf2 65. Rd3 Qc2
66. Re3 Qd2 67. Bf3 Qf2 68. Be4 Qd2 69. Rh3 Qe2 70. Bf3 Qd2 71. Kg3 Qd4 72. Rh1
Qd2 73. Re1 Qc3 74. Re2 Qd4 75. Ne3 Qg7+ 76. Kf2 Qd4 77. Kg3 Qg7+ 78. Ng4+ Kh7
79. h6 Qg6 80. Kf2 Qb6+ 81. Kg2 Qg6 82. Re5 f5 83. Re7+ Kh8 84. Rg7 Qh5 85. Rg8+
Kh7 86. Nf6+ Kxh6 87. Nxh5 Kh7 88. Rg5 Kh6 89. Ng3 1-0

[Event "Chess24 Banter QualA 2020"]
[Site "chess24.com INT"]
[Date "2020.09.02"]
[Round "2.5"]
[White "Donchenko, Alexander"]
[Black "Nihal, Sarin"]
[Result "0-1"]
[WhiteTitle "GM"]
[BlackTitle "GM"]
[WhiteElo "2657"]
[BlackElo "2620"]
[WhiteFideId "24603295"]
[BlackFideId "25092340"]
[EventDate "2020.09.01"]

1. c4 Nf6 2. g3 e5 3. Bg2 d5 4. cxd5 Nxd5 5. Nc3 Nf6 6. Nf3 Nc6 7. O-O h6 8. d3
Bd6 9. a3 O-O 10. b4 a6 11. Bb2 Re8 12. Rc1 Bg4 13. h3 Bf5 14. Nd2 Qd7 15. Kh2
Rab8 16. Nde4 Nxe4 17. Nxe4 Nd4 18. e3 Ne6 19. Nxd6 Qxd6 20. Rc3 c6 21. Qf3 Bg6
22. Rd1 Rbd8 23. Rcc1 f6 24. Qg4 Kh7 25. h4 Qd7 26. Bh3 Qe7 27. d4 exd4 28. Bxd4
h5 29. Qxe6 Qxe6 30. Bxe6 Rxe6 31. Bb6 Rd5 32. Rxd5 cxd5 33. Bc5 Be4 34. Kg1 Rc6
35. Rd1 Kg6 36. Kf1 Bf3 37. Rb1 b6 38. Bd4 Kf5 39. Ke1 b5 40. Bc5 Re6 41. Kd2
Re4 42. Bd4 Re7 43. Rc1 Kg4 44. Rc6 Kh3 45. Rxa6 Kg2 46. Ke1 Rc7 47. Bc5 d4 48.
Bxd4 Rc2 49. Ra7 g5 50. Rf7 g4 51. Rxf6 Rxf2 52. e4 Re2+ 53. Kd1 Rxe4+ 54. Kc2
Rxd4 55. Rf5 Rd5 56. Rf4 Kxg3 0-1

[Event "Chess24 Banter QualA 2020"]
[Site "chess24.com INT"]
[Date "2020.09.02"]
[Round "2.6"]
[White "Nihal, Sarin"]
[Black "Donchenko, Alexander"]
[Result "0-1"]
[WhiteTitle "GM"]
[BlackTitle "GM"]
[WhiteElo "2620"]
[BlackElo "2657"]
[WhiteFideId "25092340"]
[BlackFideId "24603295"]
[EventDate "2020.09.01"]

1. Nf3 d5 2. b3 Bg4 3. e3 Nd7 4. Bb2 e6 5. h3 Bh5 6. d3 Ngf6 7. g4 Bg6 8. Nh4
Bd6 9. Nd2 Qe7 10. a3 Be5 11. Bxe5 Nxe5 12. f4 Ned7 13. g5 Nh5 14. Qf3 O-O-O 15.
Bg2 c6 16. O-O f6 17. Nxg6 hxg6 18. h4 e5 19. d4 exf4 20. exf4 Rde8 21. Qf2 Rhf8
22. Rae1 Qxa3 23. Ra1 Qd6 24. Rxa7 fxg5 25. Ra8+ Nb8 26. Re1 Rxe1+ 27. Qxe1 Nxf4
28. Nf3 gxh4 29. Qxh4 Kc7 30. Ne5 Qf6 31. Qg4 Qf5 32. Qh4 g5 33. Qe1 Qxc2 34.
Qa5+ Kd6 35. Qb4+ Ke6 36. Bf1 Rh8 37. Ng4 Qd1 0-1

[Event "Chess24 Banter QualA 2020"]
[Site "chess24.com INT"]
[Date "2020.09.02"]
[Round "2.7"]
[White "Donchenko, Alexander"]
[Black "Nihal, Sarin"]
[Result "1/2-1/2"]
[WhiteTitle "GM"]
[BlackTitle "GM"]
[WhiteElo "2657"]
[BlackElo "2620"]
[WhiteFideId "24603295"]
[BlackFideId "25092340"]
[EventDate "2020.09.01"]

1. c4 e5 2. g3 Nf6 3. Bg2 Bc5 4. Nc3 O-O 5. e3 c6 6. Nge2 d5 7. cxd5 Nxd5 8. d4
exd4 9. Nxd5 cxd5 10. Nxd4 Nc6 11. Nxc6 bxc6 12. O-O Be7 13. Qc2 Qb6 14. b3 Be6
15. Bb2 Rfd8 16. Rfd1 Rac8 17. Rac1 h6 18. Bc3 Ba3 19. Rb1 a5 20. Ba1 Bf8 21.
Rbc1 c5 22. Qd2 c4 23. Bd4 Qb5 24. Bc3 cxb3 25. axb3 Qxb3 26. Bxa5 Rxc1 27. Rxc1
Ra8 28. Bc3 Ra2 29. Qd4 Rc2 30. Rxc2 Qxc2 31. h4 Qc1+ 32. Kh2 Qc2 33. f3 Qf2 34.
h5 f6 35. Qb6 Bf7 36. Bd4 Bxh5 37. g4 Qh4+ 38. Kg1 Qe1+ 39. Bf1 Qg3+ 40. Bg2
Qe1+ 41. Kh2 Qh4+ 42. Kg1 Qe1+ 1/2-1/2

[Event "Chess24 Banter QualA 2020"]
[Site "chess24.com INT"]
[Date "2020.09.05"]
[Round "3.1"]
[White "Shankland, Sam"]
[Black "Nihal, Sarin"]
[Result "1/2-1/2"]
[WhiteTitle "GM"]
[BlackTitle "GM"]
[WhiteElo "2691"]
[BlackElo "2620"]
[WhiteFideId "2004887"]
[BlackFideId "25092340"]
[EventDate "2020.09.01"]

1. c4 Nf6 2. g3 e5 3. Bg2 Bc5 4. Nc3 O-O 5. Nf3 d6 6. d4 exd4 7. Nxd4 h6 8. O-O
Re8 9. b3 c6 10. Bb2 Bg4 11. h3 Bh5 12. Qd2 Nbd7 13. Rad1 Bxd4 14. Qxd4 Bxe2 15.
Nxe2 Rxe2 16. Rfe1 Qe7 17. Bc3 Rxe1+ 18. Rxe1 Qf8 19. Rd1 Ne8 20. b4 a6 21. a4
Rd8 22. b5 axb5 23. axb5 cxb5 24. cxb5 Nc5 25. b6 Qe7 26. Bb4 Ra8 27. Bxc5 dxc5
28. Qd7 Kf8 29. Bxb7 Rb8 30. Qxe7+ Kxe7 31. Bc6 Nd6 32. b7 c4 33. Kf1 c3 34. Rc1
Nxb7 35. Rxc3 Nd6 36. Bd5 Rb5 37. Bb3 g6 38. Kg2 h5 39. Re3+ Kf6 40. h4 Kg7 41.
Rd3 Rb6 42. Bd5 Nf5 43. Be4 Rf6 44. Bxf5 Rxf5 45. Rd6 1/2-1/2